Gracias por el fuego
Esta historia cuenta el conflicto de un hijo (Ramón Budiño) al querer asesinar a su padre (Edmundo Budiño) por la corrupción que representa para su país desde una clase social que ignora las injusticias por el miedo a las represalias. La novela es un reflejo de la crueldad de una sociedad que prefie...
Uloženo v:
| Hlavní autor: | |
|---|---|
| Médium: | Kniha |
| Jazyk: | Undetermined |
| Vydáno: |
México, Distrito Federal
Punto de Lectura
2001
|
| Témata: | |
| Tagy: |
Přidat tag
Žádné tagy, Buďte první, kdo vytvoří štítek k tomuto záznamu!
|
MARC
| LEADER | 00000nam a2200000Ia 4500 | ||
|---|---|---|---|
| 008 | 170316s9999 xx 000 0 und d | ||
| 040 | |a cru BVZT | ||
| 090 | |a 860 B-23g | ||
| 100 | |a Benedetti, Mario |9 1248 | ||
| 245 | |a Gracias por el fuego |c / Mario Benedetti | ||
| 260 | |a México, Distrito Federal |b Punto de Lectura |c 2001 | ||
| 300 | |a 288 páginas | ||
| 520 | |a Esta historia cuenta el conflicto de un hijo (Ramón Budiño) al querer asesinar a su padre (Edmundo Budiño) por la corrupción que representa para su país desde una clase social que ignora las injusticias por el miedo a las represalias. La novela es un reflejo de la crueldad de una sociedad que prefiere las apariencias antes del bienestar de su pueblo; por lo que fue prohibida durante la época del golpe en Uruguay y posteriormente en Argentina | ||
| 650 | |a LITERATURA LATINOAMERICANA |9 15 | ||
| 650 | |a PROSA |9 417 | ||
| 999 | |c 8402 |d 8402 | ||
| 942 | |c 15 D |h 860 B-23g |2 z | ||
